Suomen kunnat, joiden nimessä on useampi Ä - Statistics

Yleistilastot
  • Tätä visaa on pelattu 169 kertaa
  • Keskiarvotulos 17 / 26
Vastaustilastot
Maakunta Kunta % Oikein
2 x Ä Keski-Suomi Äänekoski
88%
2 x Ä Etelä-Pohjanmaa Ähtäri
79%
3 x Ä Pohjois-Karjala Rääkkylä
79%
3 x Ä Uusimaa Järvenpää
78%
2 x Ä Satakunta Jämijärvi
74%
2 x Ä Pohjois-Pohjanmaa Pyhäjärvi
74%
2 x Ä Keski-Suomi Jyväskylä
72%
2 x Ä Kymenlaakso Pyhtää
72%
2 x Ä Pirkanmaa Mänttä-Vilppula
71%
2 x Ä Uusimaa Hyvinkää
70%
2 x Ä Päijät-Häme Kärkölä
70%
2 x Ä Pohjois-Pohjanmaa Pyhäntä
69%
2 x Ä Keski-Suomi Jämsä
67%
3 x Ä Uusimaa Mäntsälä
67%
2 x Ä Satakunta Säkylä
67%
3 x Ä Pohjois-Pohjanmaa Kärsämäki
66%
2 x Ä Kymenlaakso Miehikkälä
66%
3 x Ä Pirkanmaa Lempäälä
63%
2 x Ä Pirkanmaa Pälkäne
63%
2 x Ä Varsinais-Suomi Mynämäki
58%
2 x Ä Satakunta Kankaanpää
57%
2 x Ä Pohjois-Pohjanmaa Tyrnävä
57%
2 x Ä Varsinais-Suomi Oripää
56%
2 x Ä Keski-Suomi Petäjävesi
56%
2 x Ä Etelä-Savo Pieksämäki
56%
2 x Ä Kanta-Häme Ypäjä
52%
Ehtoja vastaavia visoja ei löytynyt
Tulosjakauma
Jokaisen tuloksen saaneiden osuus
Persentiili vastausten määrän mukaan
Tuloshistoriasi
Et ole pelannut tätä visaa